LIBRARY & INFORMATION CENTRE, KCAET, TAVANUR

ONLINE PUBLIC ACCESS CATALOGUE (OPAC)

Yield response to water / (Record no. 8522)

MARC details
000 -LEADER
fixed length control field 00442cam a2200169ua 4500
041 ## - LANGUAGE CODE
Language code of text/sound track or separate title eng
082 ## - DEWEY DECIMAL CLASSIFICATION NUMBER
Classification number 631.5872
Item number DOO/YI
100 ## - MAIN ENTRY--AUTHOR NAME
Personal name Doorenbor, J .
245 ## - TITLE STATEMENT
Title Yield response to water /
250 ## - EDITION STATEMENT
Edition statement 1 /
260 ## - PUBLICATION, DISTRIBUTION, ETC. (IMPRINT)
Place of publication Rome :
Name of publisher Food and Agriculture organization of United States ,
Year of publication 1986.
300 ## - PHYSICAL DESCRIPTION
Number of Pages 193 ; .
700 1# - ADDED ENTRY--PERSONAL NAME
Personal name Kassam, A H.
942 ## - ADDED ENTRY ELEMENTS (KOHA)
Koha item type Books
Holdings
Withdrawn status Lost status Damaged status Home library Current library Date acquired Full call number Accession Number Koha item type
      KAUAET KAUAET 07/04/2012 631.5872 18658 Reference
free website counter